[Event "Tenerife-chT Tercera"]
[Site "Tenerife"]
[Date "2023.01.28"]
[Round "3.2"]
[White "Hernandez Estevez, Andres David"]
[Black "Gonzalez Mora, Oscar"]
[Result "1/2-1/2"]
[WhiteElo "1408"]
[BlackElo "1399"]
[PlyCount "86"]
[EventDate "2023.01.14"]
[EventType "team-tourn"]
[EventRounds "15"]
[EventCountry "ESP"]
[SourceTitle "EXT 2024"]
[Source "ChessBase"]
[SourceDate "2023.10.10"]
[SourceVersion "1"]
[SourceVersionDate "2023.10.10"]
[SourceQuality "1"]
[WhiteTeam "Playa San Juan II"]
[BlackTeam "Ebano Barrio Nuevo IV"]
[WhiteTeamCountry "ESP"]
[BlackTeamCountry "ESP"]

1. e4 e5 2. Nf3 Nf6 3. Nc3 Nc6 4. d4 exd4 5. Nxd4 Bb4 6. Nxc6 Bxc3+ 7. bxc3 dxc6 8. Qxd8+ Kxd8 9. f3 b6 10. Bc4 Ke7 11. Bf4 Ne8 12. 0-0-0 Nd6 13. Bb3 Rd8 14. Kb2 Be6 15. Rd2 Nc4+ 16. Bxc4 Bxc4 17. Rhd1 Rxd2 18. Rxd2 Rd8 19. Rxd8 Kxd8 20. Be5 f6 21. Bd4 Bf1 22. g3 Bg2 23. e5 Bxf3 24. exf6 g6 25. c4 Bg4 26. a4 Be6 27. c5 Kd7 28. cxb6 axb6 29. Be5 c5 30. Ka3 Kc6 31. Kb2 Kb7 32. Ka3 c6 33. g4 Ka6 34. Bd6 Ka5 35. h4 c4 36. g5 b5 37. axb5 cxb5 38. h5 gxh5 39. c3 Kb6 40. Kb4 Kc6 41. Bf4 h4 42. Bh2 h3 43. Bg3 Bf7 1/2-1/2

[Event "Tenerife-chT Segunda 1718"]
[Site "Tenerife"]
[Date "2018.01.13"]
[Round "6.1"]
[White "Hernandez Estevez, Andres David"]
[Black "Lozano Marques, Manuel"]
[Result "1/2-1/2"]
[WhiteElo "1424"]
[BlackElo "1535"]
[PlyCount "56"]
[EventDate "2017.11.11"]
[EventType "team-tourn"]
[EventRounds "14"]
[EventCountry "ESP"]
[SourceTitle "EXT 2019"]
[Source "ChessBase"]
[SourceDate "2018.10.10"]
[SourceVersion "1"]
[SourceVersionDate "2018.10.10"]
[SourceQuality "1"]
[WhiteTeam "Playa San Juan"]
[BlackTeam "Ebano Casa Venezuela"]
[WhiteTeamCountry "ESP"]
[BlackTeamCountry "ESP"]

1. d4 Nf6 2. Bf4 g6 3. e3 Bg7 4. Nf3 d6 5. Be2 Nfd7 6. h3 e5 7. Bh2 0-0 8. 0-0 Re8 9. c4 Nc6 10. Nc3 a6 11. Nd5 Nf6 12. Nxf6+ Bxf6 13. a3 exd4 14. exd4 Bf5 15. b4 Be4 16. Rc1 Rb8 17. c5 Bxf3 18. Bxf3 Nxd4 19. cxd6 cxd6 20. Qd3 b5 21. Bf4 Qb6 22. Be3 Nxf3+ 23. gxf3 Qd8 24. Rfd1 Re6 25. Rc6 Be7 26. Bf4 Rb6 27. Rc2 Rf6 28. Bg3 Bf8 1/2-1/2

[Event "Tenerife-chT Primera 1718"]
[Site "Tenerife"]
[Date "2017.11.11"]
[Round "1.2"]
[White "Jimenez Arteaga, Angel"]
[Black "Hernandez Estevez, Andres David"]
[Result "1-0"]
[WhiteElo "1807"]
[BlackElo "1424"]
[PlyCount "33"]
[EventDate "2017.11.11"]
[EventType "team-tourn"]
[EventRounds "14"]
[EventCountry "ESP"]
[SourceTitle "CBM 187 Extra"]
[Source "ChessBase"]
[SourceDate "2018.11.04"]
[SourceVersion "1"]
[SourceVersionDate "2018.11.04"]
[SourceQuality "1"]
[WhiteTeam "Ebano Casa Venezuela III"]
[BlackTeam "Playa San Juan III"]
[WhiteTeamCountry "ESP"]
[BlackTeamCountry "ESP"]

1. e4 e5 2. Nf3 Nf6 3. Nxe5 d6 4. Nf3 Nxe4 5. d4 d5 6. Bd3 Be7 7. 0-0 Nd7 8. Re1 Ndf6 9. c4 c6 10. Nc3 Bf5 11. Qc2 h6 12. Ne5 c5 13. Nxd5 Nxd5 14. cxd5 Qxd5 15. Bxe4 Bxe4 16. Qxe4 Qxd4 17. Qxb7 1-0

[Event "Tenerife-chT Primera 1617"]
[Site "Tenerife"]
[Date "2017.02.04"]
[Round "6.3"]
[White "Perez Garcia, Saul"]
[Black "Hernandez Estevez, Andres David"]
[Result "1-0"]
[WhiteElo "1729"]
[BlackElo "1387"]
[PlyCount "37"]
[EventDate "2016.12.10"]
[EventType "team-tourn"]
[EventRounds "14"]
[EventCountry "ESP"]
[SourceTitle "CBM 176 Extra"]
[Source "ChessBase"]
[SourceDate "2017.03.02"]
[SourceVersion "1"]
[SourceVersionDate "2017.03.02"]
[SourceQuality "1"]
[WhiteTeam "Casa de Venezuela Ebano II"]
[BlackTeam "Playa San Juan"]
[WhiteTeamCountry "ESP"]
[BlackTeamCountry "ESP"]

1. d4 g6 2. e4 c5 3. d5 Bg7 4. c4 d6 5. Nf3 Nf6 6. Nc3 0-0 7. h3 Na6 8. Bd3 Nc7 9. 0-0 e6 10. Bf4 exd5 11. cxd5 Re8 12. Re1 a6 13. a4 Bd7 14. Bxd6 Bxh3 15. Bxc7 Qxc7 16. gxh3 Nh5 17. Bf1 Nf4 18. e5 Bxe5 19. Nxe5 1-0

[Event "Tenerife-chT Segunda 1516"]
[Site "Tenerife"]
[Date "2015.12.12"]
[Round "1.2"]
[White "Hernandez Estevez, Andres David"]
[Black "Perez Garcia, Jimena"]
[Result "1/2-1/2"]
[WhiteElo "1314"]
[BlackElo "1350"]
[PlyCount "45"]
[EventDate "2015.12.12"]
[EventType "team-tourn"]
[EventRounds "15"]
[EventCountry "ESP"]
[SourceTitle "CBM 170 Extra"]
[Source "ChessBase"]
[SourceDate "2016.02.25"]
[SourceVersion "1"]
[SourceVersionDate "2016.02.25"]
[SourceQuality "1"]
[WhiteTeam "Playa San Juan"]
[BlackTeam "Casa de Venezuela"]
[WhiteTeamCountry "ESP"]
[BlackTeamCountry "ESP"]

1. d4 Nf6 2. Bf4 g6 3. Nf3 Bg7 4. e3 d6 5. Be2 0-0 6. 0-0 c6 7. h3 Qb6 8. Nbd2 d5 9. b3 Nbd7 10. c4 Nh5 11. Bh2 e6 12. c5 Qd8 13. b4 a5 14. a3 axb4 15. axb4 Rxa1 16. Qxa1 b6 17. Qa8 bxc5 18. bxc5 Re8 19. Qxc6 Qa5 20. Qb5 Qa7 21. Rb1 Nhf6 22. Ne5 Qa2 23. Qb2 1/2-1/2

[Event "Santa Cruz de Tenerife op 25th"]
[Site "Santa Cruz de Tenerife"]
[Date "2014.12.29"]
[Round "9"]
[White "Hernandez Estevez, Andres David"]
[Black "Mamani Beltran, Deniman"]
[Result "1-0"]
[WhiteElo "1339"]
[BlackElo "1113"]
[PlyCount "141"]
[EventDate "2014.12.15"]
[EventType "swiss"]
[EventRounds "9"]
[EventCountry "ESP"]
[SourceTitle "CBM 164 Extra"]
[Source "ChessBase"]
[SourceDate "2015.03.02"]
[SourceVersion "1"]
[SourceVersionDate "2015.03.02"]
[SourceQuality "1"]

1. e4 e5 2. Nf3 Nc6 3. d4 d6 4. d5 Nb4 5. a3 Na6 6. Nc3 Nb8 7. Bb5+ c6 8. Ba4 Nf6 9. h3 b5 10. Bb3 Bb7 11. Bg5 cxd5 12. Bxd5 Bxd5 13. Nxd5 Be7 14. Qd3 a6 15. 0-0 0-0 16. Rfe1 Nxd5 17. Qxd5 Nd7 18. Bxe7 Qxe7 19. Rad1 Nf6 20. Qxd6 Qe8 21. Qxe5 Qxe5 22. Nxe5 Rfe8 23. f4 Nh5 24. Nd3 Rad8 25. g4 Ng3 26. e5 a5 27. Kf2 b4 28. Kxg3 bxa3 29. bxa3 a4 30. Rd2 Rc8 31. Nb2 Rc3+ 32. Rd3 Rxc2 33. Nxa4 Ra8 34. Red1 h6 35. Rd8+ Rxd8 36. Rxd8+ Kh7 37. Rd3 Rc4 38. Nb6 Rc6 39. Rb3 Rc1 40. Kf2 Ra1 41. Nc4 Ra2+ 42. Rb2 Ra1 43. Nd6 Kg6 44. f5+ Kg5 45. Nxf7+ Kh4 46. e6 Rxa3 47. e7 Ra8 48. Re2 Kxh3 49. e8Q Rxe8 50. Rxe8 Kxg4 51. Rg8 Kxf5 52. Nd6+ Kf6 53. Ne4+ Kf7 54. Ra8 h5 55. Ra6 Kg8 56. Ng3 h4 57. Nf5 h3 58. Kg3 Kh7 59. Nxg7 Kxg7 60. Kxh3 Kf7 61. Kg4 Ke7 62. Kf5 Kd7 63. Ke5 Kc7 64. Kd5 Kb7 65. Rh6 Ka7 66. Kc5 Kb8 67. Rh7 Kc8 68. Kd6 Kb8 69. Kc6 Ka8 70. Kb6 Kb8 71. Rh8# 1-0

[Event "Santa Cruz de Tenerife op 25th"]
[Site "Santa Cruz de Tenerife"]
[Date "2014.12.17"]
[Round "3"]
[White "Montilla Bejarano, Carmen"]
[Black "Hernandez Estevez, Andres David"]
[Result "0-1"]
[WhiteElo "1094"]
[BlackElo "1339"]
[PlyCount "59"]
[EventDate "2014.12.15"]
[EventType "swiss"]
[EventRounds "9"]
[EventCountry "ESP"]
[SourceTitle "CBM 164 Extra"]
[Source "ChessBase"]
[SourceDate "2015.03.02"]
[SourceVersion "1"]
[SourceVersionDate "2015.03.02"]
[SourceQuality "1"]

1. e4 d5 2. Nf3 dxe4 3. Ng5 Bf5 4. Qe2 Nf6 5. Qb5+ Nbd7 6. Qxf5 e6 7. Qf4 Bd6 8. Qe3 Nd5 9. Qd4 Qxg5 10. Qxe4 0-0-0 11. Nc3 c6 12. d4 Qf6 13. Bc4 Rde8 14. 0-0 h5 15. h4 e5 16. Bg5 Qe6 17. Bxd5 cxd5 18. Nxd5 f5 19. Qf3 e4 20. Qc3+ Kb8 21. Nf4 Qf7 22. b4 Nf8 23. Ne2 Ne6 24. Be3 f4 25. Bd2 g5 26. d5 Nc7 27. hxg5 Be5 28. Nd4 Nb5 29. Nc6+ bxc6 30. Qxe5+ 0-1

[Event "Santa Cruz de Tenerife Autumn op"]
[Site "Santa Cruz de Tenerife"]
[Date "2014.11.12"]
[Round "8"]
[White "Hernandez Estevez, Andres David"]
[Black "Rodriguez Redondo, Ethan"]
[Result "0-1"]
[WhiteElo "1296"]
[BlackElo "1729"]
[PlyCount "60"]
[EventDate "2014.10.27"]
[EventType "swiss"]
[EventRounds "9"]
[EventCountry "ESP"]
[SourceTitle "CBM 163 Extra"]
[Source "ChessBase"]
[SourceDate "2014.12.23"]
[SourceVersion "1"]
[SourceVersionDate "2014.12.23"]
[SourceQuality "1"]

1. e4 c5 2. Nf3 e6 3. d4 cxd4 4. Nxd4 Nc6 5. Nc3 a6 6. Be2 Qc7 7. Be3 Nf6 8. Qd2 Bb4 9. f3 Ne5 10. Bf4 Bxc3 11. bxc3 d5 12. exd5 Nxd5 13. Bg3 h5 14. c4 Ne7 15. Qg5 N7g6 16. Bxe5 Qxe5 17. Qxe5 Nxe5 18. Rb1 Nd7 19. Kf2 Nf6 20. Rhd1 0-0 21. h4 g6 22. Nb3 b5 23. cxb5 axb5 24. Bxb5 Rxa2 25. Bd3 Nd5 26. Ra1 Rb2 27. Rab1 Nc3 28. Rxb2 Nxd1+ 29. Ke2 Nxb2 30. Bb5 Rd8 0-1

[Event "Santa Cruz de Tenerife Autumn op"]
[Site "Santa Cruz de Tenerife"]
[Date "2014.11.03"]
[Round "4"]
[White "Redondo Terron, Eva"]
[Black "Hernandez Estevez, Andres David"]
[Result "0-1"]
[WhiteElo "1029"]
[BlackElo "1296"]
[PlyCount "72"]
[EventDate "2014.10.27"]
[EventType "swiss"]
[EventRounds "9"]
[EventCountry "ESP"]
[SourceTitle "CBM 163 Extra"]
[Source "ChessBase"]
[SourceDate "2014.12.23"]
[SourceVersion "1"]
[SourceVersionDate "2014.12.23"]
[SourceQuality "1"]

1. e4 d5 2. exd5 Qxd5 3. Nc3 Qa5 4. Nf3 Bg4 5. Be2 Nf6 6. h3 Bxf3 7. Bxf3 c6 8. d4 Nbd7 9. a3 e6 10. Bd2 Qb6 11. Bc1 Bd6 12. b4 0-0 13. Ne4 Nxe4 14. Bxe4 Nf6 15. Bf3 h6 16. c4 Qc7 17. c5 Bf4 18. g3 Bxc1 19. Rxc1 Rad8 20. Qc2 Rxd4 21. 0-0 Rfd8 22. Rcd1 Qc8 23. Rxd4 Rxd4 24. Qc3 Qd7 25. Re1 Rd3 26. Qc1 Rxf3 27. Re3 Rxe3 28. Qxe3 Qd1+ 29. Kg2 Nd5 30. Qe5 Qd3 31. Qb8+ Kh7 32. Qxa7 Qe4+ 33. Kg1 Nc3 34. Qxb7 Ne2+ 35. Kf1 Qf3 36. h4 Nxg3+ 0-1

[Event "Santa Cruz de Tenerife Autumn op"]
[Site "Santa Cruz de Tenerife"]
[Date "2014.10.27"]
[Round "1"]
[White "Rodriguez Perez, Mauro"]
[Black "Hernandez Estevez, Andres David"]
[Result "1-0"]
[WhiteElo "1941"]
[BlackElo "1296"]
[PlyCount "113"]
[EventDate "2014.10.27"]
[EventType "swiss"]
[EventRounds "9"]
[EventCountry "ESP"]
[SourceTitle "CBM 163 Extra"]
[Source "ChessBase"]
[SourceDate "2014.12.23"]
[SourceVersion "1"]
[SourceVersionDate "2014.12.23"]
[SourceQuality "1"]

1. d4 Nf6 2. c4 c5 3. d5 b5 4. cxb5 a6 5. bxa6 g6 6. Nc3 Bxa6 7. g3 d6 8. Bg2 Bg7 9. Nf3 0-0 10. 0-0 Nbd7 11. Rb1 Qa5 12. Bd2 Ng4 13. Qc2 Nge5 14. b3 Qa3 15. Rbc1 Bb7 16. Nxe5 Bxe5 17. Rb1 Bxc3 18. Qxc3 Nf6 19. Bh6 Rfb8 20. Ra1 Qa5 21. Qb2 Qa3 22. Qc3 Qa5 23. Qxa5 Rxa5 24. e4 Ra3 25. Bc1 Ra6 26. Bb2 Rba8 27. a4 Ng4 28. Rfd1 Ne5 29. Bxe5 dxe5 30. Bf1 Ra5 31. Bb5 Ba6 32. Bxa6 R5xa6 33. Rdc1 Rb6 34. Rc3 Rb4 35. f3 Ra6 36. Rac1 e6 37. Rd1 Rd4 38. Rdc1 exd5 39. exd5 Rb6 40. a5 Rb5 41. a6 Rxd5 42. a7 Ra5 43. Rxc5 Rdxc5 44. Rxc5 Rxa7 45. Rxe5 Rb7 46. Re3 Kg7 47. h3 f5 48. f4 Kf6 49. Kf2 Rb4 50. Ke2 Rd4 51. Rd3 Rxd3 52. Kxd3 Ke6 53. Kd4 Kd6 54. h4 h6 55. b4 h5 56. b5 Kd7 57. Ke5 1-0